000 01055nam a2200289 a 4500
001 000043515
005 20250211105815.0
008 140321s2012 dr ad 001 0 spa d
020 _a9789945412727
040 _aDO-SdBNP
_bspa
_cBNPHU
082 _a380.1
_bC834c
100 1 _aCoscione, Marco
_971224
245 1 3 _aLa CLAC y la defensa del pequeño productor /
_cMarco Coscione.
260 _aSanto Domingo :
_bFUNGLODE,
_c2012.
300 _a331 p. :
_bil.,tabls. ;
_c24 cm.
490 1 _aDesarrollo sostenible
504 _aIncluye bibliografía y notas al pie de páginas.
590 _aInventariado, 2018/VM
650 4 _aDesarrollo sostenible
_9901
650 0 _aDesarrollo rural
_922047
650 0 _aAgricultura -
_xAspectos económicos
_930596
650 4 _aEstrategias para el desarrollo
_93099
651 4 _aAmérica Latina
_xRelaciones Económicas
_971225
710 2 _aCoordinadora Latinoamericana y del Caribe de Comercio Justo (CLAC)
_971226
830 0 _aDesarrollo sostenible
_971227
910 _aValidado. Control de calidad EMS
999 _c43004
_d43004